000 00599nam a2200169 i 4500
001 78483
003 ES-MaACL
005 20230906173722.0
007 t|
008 041014s1961 sp ||||1| spa d
100 1 _aHarnwell, Gaylord P.
_961871
245 1 0 _aPrincipios de Electricidad y Electromagnetismo /
_cGaylord P. Harnwell ; traducido de la segunda edición inglesa por Maximino Rodríguez Vidal.
260 _aMadrid :
_bSelecciones Científicas,
_c[1961]
300 _aXV, 718 p. :
_bil. ;
_c22 cm.
700 1 _aRodríguez Vidal, Maximino.
_998856
852 _aES-MaACL
_jC-30476
_bR.60767
999 _c78483
_d78483